Вып. 11; Подъемно-транспортное оборудование

Dades bibliogràfiques
Parent link:Подъемно-транспортное оборудование: республиканский межведомственный научно-технический сборник/ Министерство высшего и среднего специального образования УССР. Вып. 11.— , 1970-1991
Idioma:rus
Publicat: 1980
Matèries:
Format: MixedMaterials Llibre
KOHA link:https://koha.lib.tpu.ru/cgi-bin/koha/opac-detail.pl?biblionumber=332241

MARC

LEADER 00000nam2a2200000 4500
001 332241
005 20231102004433.0
035 |a (RuTPU)RU\TPU\book\358148 
035 |a RU\TPU\book\333939 
090 |a 332241 
100 |a 20170518d1980 k y0rusy50 ca 
101 0 |a rus 
102 |a UA 
105 |a a z 001zy 
200 0 |a Вып. 11 
210 |d 1980 
215 |a 93, 6 с.  |c ил. 
320 |a Библиография в конце статей 
461 1 |0 (RuTPU)RU\TPU\book\189469  |t Подъемно-транспортное оборудование  |o республиканский межведомственный научно-технический сборник  |f Министерство высшего и среднего специального образования УССР  |v Вып. 11  |d 1970-1991 
606 1 |a Подъемно-транспортное оборудование  |2 stltpush  |3 (RuTPU)RU\TPU\subj\49812  |9 68576 
610 1 |a грузоподъемные машины 
610 1 |a грузоподъемное оборудование 
610 1 |a канаты 
610 1 |a мостовые краны 
610 1 |a козловые краны 
610 1 |a шахтные подъемные машины 
610 1 |a элементы 
610 1 |a работа 
610 1 |a прочность 
610 1 |a долговечность 
610 1 |a конвейеры 
675 |a 621.86  |v 3 
801 1 |a RU  |b 63413507  |c 20130614 
801 2 |a RU  |b 63413507  |c 20170524  |g RCR 
942 |c BK